|
|
|
|
| LEADER |
01483nam a2200373 a 4500 |
| 001 |
37832 |
| 003 |
BD-DhAAL |
| 005 |
20220227112547.0 |
| 008 |
220227t1997 nyuab 001 0 eng d |
| 999 |
|
|
|c 43592
|d 43592
|
| 010 |
|
|
|a 97151928
|
| 020 |
|
|
|a 007115745X
|
| 020 |
|
|
|a 9780071157452
|
| 020 |
|
|
|a 0070696039 (acidfree paper)
|
| 040 |
|
|
|a DLC
|c DLC
|d DLC
|d BD-DhAAL
|
| 050 |
0 |
0 |
|a PE1128
|b .W4269 1997
|
| 082 |
0 |
0 |
|a 428.24
|2 21
|
| 100 |
1 |
|
|a Werner, Patricia K.,
|d 1951-
|9 46113
|
| 245 |
1 |
0 |
|a Interactions access :
|p a communicative grammar /
|c Patricia K. Werner, John P. Nelson, Marilynn Spaventa ; with contributions by Miki Prijic Knezevic.
|
| 250 |
|
|
|a Second edition.
|
| 260 |
|
|
|a New York :
|b McGraw-Hill,
|c c1997.
|
| 300 |
|
|
|a xiv, 313 pages :
|b illustrations, maps ;
|c 24 cm.
|
| 500 |
|
|
|a "An EBI book"--T.p. verso.
|
| 500 |
|
|
|a Includes index.
|
| 526 |
|
|
|a BIED
|
| 541 |
|
|
|a Complimentary copy from BIED
|e 37832
|
| 650 |
|
0 |
|a English language
|v Textbooks for foreign speakers.
|9 46114
|
| 650 |
|
0 |
|a English language
|x Grammar
|v Problems, exercises, etc.
|9 46115
|
| 700 |
1 |
|
|a Nelson, John P.
|q (John Powers)
|9 46116
|
| 700 |
1 |
|
|a Spaventa, Marilynn.
|9 46117
|
| 700 |
1 |
|
|a Knezevic, Miki Prijic
|9 46118
|
| 852 |
|
|
|a Ayesha Abed Library
|c BIED Collection
|
| 942 |
|
|
|2 ddc
|c BK
|
| 952 |
|
|
|0 0
|1 0
|2 ddc
|4 0
|6 428_240000000000000_WER
|7 0
|9 69907
|a BRACUL
|b BRACUL
|c GEN
|d 2022-02-27
|l 0
|o 428.24 WER
|p 3010037832
|r 2022-02-27
|t 1
|w 2022-02-27
|y BK
|x Transferred from BIED to General Stacks
|